[Event "Asia-ch"]
[Site "Mashhad"]
[Date "2011.05.08"]
[Round "7"]
[White "Arabi, Saeid"]
[Black "Noroozi, Omid"]
[Result "0-1"]
[WhiteElo "2141"]
[BlackElo "2340"]
[PlyCount "76"]
[EventDate "2011.05.02"]
[EventType "swiss"]
[EventRounds "9"]
[EventCountry "IRI"]
[SourceTitle "CBM 142"]
[Source "ChessBase"]
[SourceDate "2011.05.17"]
[SourceVersion "1"]
[SourceVersionDate "2011.05.17"]
[SourceQuality "1"]

1. d4 d5 2. c4 e6 3. Nf3 Nf6 4. Qc2 Nbd7 5. Nbd2 c5 6. e3 Bd6 7. b3 0-0 8. Bb2 b6 9. Bd3 Bb7 10. 0-0 Rc8 11. a4 h6 12. Ne5 cxd4 13. exd4 dxc4 14. bxc4 Nd5 15. Bh7+ Kh8 16. Be4 Ba6 17. Rfd1 N7f6 18. Bf3 Qc7 19. Qb3 Ne7 20. Rac1 Nf5 21. Re1 Nd7 22. Nxd7 Qxd7 23. g3 Be7 24. d5 exd5 25. Bxd5 Bc5 26. Nf3 Rce8 27. Ne5 Qc7 28. Nxf7+ Kh7 29. Ne5 Bxf2+ 30. Kg2 Bxe1 31. Rxe1 Bb7 32. Qd3 Bxd5+ 33. cxd5 Kg8 34. Rc1 Qd6 35. Nc4 Qg6 36. Kg1 Qg5 37. d6 Nh4 38. d7 Qxc1+ 0-1

[Event "Asia-ch"]
[Site "Mashhad"]
[Date "2011.05.07"]
[Round "6"]
[White "Bakr, Jwan"]
[Black "Arabi, Saeid"]
[Result "0-1"]
[WhiteElo "2368"]
[BlackElo "2141"]
[PlyCount "94"]
[EventDate "2011.05.02"]
[EventType "swiss"]
[EventRounds "9"]
[EventCountry "IRI"]
[SourceTitle "CBM 142"]
[Source "ChessBase"]
[SourceDate "2011.05.17"]
[SourceVersion "1"]
[SourceVersionDate "2011.05.17"]
[SourceQuality "1"]

1. d4 Nf6 2. c4 g6 3. Nc3 Bg7 4. e4 d6 5. Be2 0-0 6. Bg5 Nbd7 7. Qd2 c5 8. d5 b5 9. cxb5 a6 10. f3 axb5 11. Bxb5 Ba6 12. Bxa6 Rxa6 13. Nge2 Ne5 14. 0-0 Qb6 15. Rab1 Rb8 16. b3 Ra7 17. a4 Qb4 18. Nb5 Qxd2 19. Bxd2 Ra6 20. Nec3 Ne8 21. Kf2 Nd3+ 22. Ke2 Nb4 23. Rfc1 Raa8 24. Nd1 Na6 25. Ne3 Bh6 26. g3 Bxe3 27. Kxe3 Rb7 28. Kd3 Rab8 29. Ba5 Nf6 30. Bc3 Nd7 31. f4 Nb6 32. Na3 f5 33. Ba5 fxe4+ 34. Kxe4 Nd7 35. Kd3 Rxb3+ 36. Rxb3 Rxb3+ 37. Rc3 Rb2 38. Rc2 Nb4+ 39. Bxb4 Rxb4 40. Rc4 Nb6 41. Rxb4 cxb4 42. Nc2 b3 43. Nd4 b2 44. Kc2 Nd7 45. Nb5 Kf7 46. Nd4 Kf6 47. Kb1 h5 0-1

[Event "Asia-ch"]
[Site "Mashhad"]
[Date "2011.05.06"]
[Round "5"]
[White "Arabi, Saeid"]
[Black "Vaibhav, Suri"]
[Result "0-1"]
[WhiteElo "2141"]
[BlackElo "2430"]
[PlyCount "110"]
[EventDate "2011.05.02"]
[EventType "swiss"]
[EventRounds "9"]
[EventCountry "IRI"]
[SourceTitle "CBM 142"]
[Source "ChessBase"]
[SourceDate "2011.05.17"]
[SourceVersion "1"]
[SourceVersionDate "2011.05.17"]
[SourceQuality "1"]

1. d4 Nf6 2. Nf3 d5 3. Bg5 e6 4. e3 Be7 5. Nbd2 0-0 6. Bd3 Nbd7 7. 0-0 b6 8. Qe2 Bb7 9. Ne5 Nxe5 10. dxe5 Ne4 11. Bxe7 Qxe7 12. c3 Nxd2 13. Qxd2 c5 14. Qe2 Rad8 15. Qh5 g6 16. Qh6 f6 17. f4 f5 18. Rad1 Kh8 19. Be2 Rg8 20. h4 a6 21. Kf2 Bc6 22. Qg5 Qf8 23. Rd2 h6 24. Qg3 a5 25. c4 dxc4 26. Rxd8 Qxd8 27. Rd1 Bd5 28. Bxc4 Qd7 29. Qf3 Rd8 30. Bxd5 exd5 31. Qe2 h5 32. b3 Kg8 33. Qa6 Qc7 34. Qe2 Qe7 35. Qb5 Qe6 36. Qa6 Qc6 37. Qe2 Kf7 38. Qa6 Ra8 39. Qd3 Ke6 40. e4 fxe4 41. Qg3 Kf7 42. Qg5 Qe6 43. f5 Qxf5+ 44. Qxf5+ gxf5 45. Rxd5 Ke6 46. Rd6+ Kxe5 47. Rxb6 a4 48. b4 Rd8 49. bxc5 Rd2+ 50. Kf1 Rxa2 51. g3 a3 52. c6 Kd6 53. Ra6 Ra1+ 54. Kg2 a2 55. Kf2 Rh1 0-1

[Event "Asia-ch"]
[Site "Mashhad"]
[Date "2011.05.04"]
[Round "3"]
[White "Arabi, Saeid"]
[Black "Annageldyev, Orazly"]
[Result "1-0"]
[WhiteElo "2141"]
[BlackElo "2418"]
[PlyCount "99"]
[EventDate "2011.05.02"]
[EventType "swiss"]
[EventRounds "9"]
[EventCountry "IRI"]
[SourceTitle "CBM 142"]
[Source "ChessBase"]
[SourceDate "2011.05.17"]
[SourceVersion "1"]
[SourceVersionDate "2011.05.17"]
[SourceQuality "1"]

1. d4 Nf6 2. c4 e6 3. g3 c5 4. d5 exd5 5. cxd5 d6 6. Nc3 g6 7. Bg2 Bg7 8. Nf3 0-0 9. 0-0 Re8 10. Nd2 Nbd7 11. h3 a6 12. a4 Rb8 13. Nc4 Nb6 14. Na3 Bd7 15. Bf4 Qc7 16. a5 Nc8 17. Nc4 Nh5 18. Bd2 b5 19. axb6 Nxb6 20. Na5 Bb5 21. Nxb5 axb5 22. Nc6 Ra8 23. Rxa8 Rxa8 24. Qb3 b4 25. e4 Ra4 26. Be3 Nf6 27. e5 Nfd7 28. e6 Nf6 29. e7 Ra8 30. f4 Nc8 31. f5 Nxe7 32. fxg6 fxg6 33. Nxe7+ Qxe7 34. Bxc5 Nh5 35. g4 Nf6 36. Bf2 Rb8 37. Re1 Qc7 38. Bd4 Nxg4 39. Bxg7 Qa7+ 40. Kh1 Nf2+ 41. Kh2 Kxg7 42. Qg3 Rd8 43. Qh4 Rd7 44. Qxb4 h5 45. Qc3+ Kh7 46. Re8 Rg7 47. Qc8 Rf7 48. Rh8+ Kg7 49. Qc3+ Rf6 50. Rc8 1-0

[Event "Dubai op 13th"]
[Site "Dubai"]
[Date "2011.04.14"]
[Round "5"]
[White "Al Huwar, Jasem"]
[Black "Arabi, Saeid"]
[Result "1-0"]
[WhiteElo "2334"]
[BlackElo "2159"]
[PlyCount "91"]
[EventDate "2011.04.10"]
[EventType "swiss"]
[EventRounds "9"]
[EventCountry "UAE"]
[SourceTitle "CBM 141 Extra"]
[Source "ChessBase"]
[SourceDate "2011.05.03"]
[SourceVersion "1"]
[SourceVersionDate "2011.05.03"]
[SourceQuality "1"]

1. Nf3 g6 2. g3 Bg7 3. d4 Nf6 4. b3 0-0 5. Bb2 d6 6. Bg2 Nbd7 7. 0-0 e5 8. dxe5 Ng4 9. c4 Ndxe5 10. Nxe5 Nxe5 11. Nc3 a5 12. Qc2 Bf5 13. e4 Bd7 14. h3 a4 15. Nxa4 Bxa4 16. bxa4 Ra7 17. Rab1 b6 18. Qc3 f6 19. Qb3 Kh8 20. Bc3 Nd7 21. Qb5 f5 22. Bxg7+ Kxg7 23. exf5 Rxf5 24. Bd5 Nc5 25. Rbe1 Rf8 26. Qb2+ Qf6 27. Re7+ Kh8 28. Qxf6+ Rxf6 29. Rfe1 Rf8 30. R1e3 Rxa4 31. Rxc7 Na6 32. Ra7 Nc5 33. Rxa4 Nxa4 34. Rb3 Rb8 35. Rb4 Nc3 36. a4 Kg7 37. Bc6 Ne2+ 38. Kg2 Nd4 39. Bd5 Nc2 40. Rb5 Ne1+ 41. Kf1 Nd3 42. a5 Rf8 43. axb6 Rxf2+ 44. Kg1 Rf8 45. b7 Rb8 46. Ra5 1-0

[Event "IRI-ch"]
[Site "Tabriz"]
[Date "2011.01.05"]
[Round "6"]
[White "Arabi, Saeid"]
[Black "Ghane Gardeh, Shojaat"]
[Result "1-0"]
[WhiteElo "2142"]
[BlackElo "2398"]
[PlyCount "81"]
[EventDate "2011.01.01"]
[EventType "swiss"]
[EventRounds "11"]
[EventCountry "IRI"]
[SourceTitle "CBM 140 Extra"]
[Source "ChessBase"]
[SourceDate "2011.03.01"]
[SourceVersion "1"]
[SourceVersionDate "2011.03.01"]
[SourceQuality "1"]

1. d4 b5 2. Nf3 Bb7 3. g3 Bxf3 4. exf3 a6 5. Bg2 e6 6. 0-0 d5 7. a4 Nd7 8. f4 g6 9. Re1 Nb6 10. axb5 axb5 11. Rxa8 Qxa8 12. Qd3 Qa5 13. Bd2 Bb4 14. c3 Be7 15. g4 Nf6 16. f5 Nxg4 17. fxe6 f5 18. Qg3 Qa7 19. Bf4 c6 20. h3 Nf6 21. Bh6 Nc4 22. b3 Nh5 23. Qd3 Nd6 24. Nd2 Bf6 25. Nf3 Ne4 26. c4 Qa2 27. Nd2 Bh4 28. Bxe4 fxe4 29. Rxe4 bxc4 30. bxc4 Bxf2+ 31. Kxf2 Rf8+ 32. Bxf8 dxe4 33. Qc3 Kxf8 34. Qb4+ Kg7 35. Ke3 Ng3 36. Qe7+ Kh6 37. Qh4+ Nh5 38. e7 Qa3+ 39. Kxe4 Qa8 40. Nf3 c5+ 41. d5 1-0

[Event "IRI-ch"]
[Site "Tabriz"]
[Date "2011.01.04"]
[Round "5"]
[White "Khademi, Mohammad Miran"]
[Black "Arabi, Saeid"]
[Result "1-0"]
[WhiteElo "2242"]
[BlackElo "2142"]
[PlyCount "84"]
[EventDate "2011.01.01"]
[EventType "swiss"]
[EventRounds "11"]
[EventCountry "IRI"]
[SourceTitle "CBM 140 Extra"]
[Source "ChessBase"]
[SourceDate "2011.03.01"]
[SourceVersion "1"]
[SourceVersionDate "2011.03.01"]
[SourceQuality "1"]

1. e4 c5 2. Nf3 Nc6 3. c3 Nf6 4. e5 Nd5 5. Bc4 Nb6 6. Bb3 c4 7. Bc2 Qc7 8. Qe2 g5 9. Nxg5 Qxe5 10. d4 cxd3 11. Bxd3 Qxe2+ 12. Bxe2 h6 13. Nf3 d5 14. Na3 Bg7 15. Be3 0-0 16. 0-0 Bf5 17. Rad1 Rfd8 18. Rd2 e5 19. Rfd1 Be6 20. Nb5 Rd7 21. g3 Nc8 22. Nh4 a6 23. Na3 d4 24. Nc2 Nd6 25. cxd4 exd4 26. Nxd4 Nxd4 27. Bxd4 Ne4 28. Rd3 Bc4 29. Bxg7 Bxd3 30. Bg4 Rd6 31. Nf5 Rdd8 32. Bd4 h5 33. Bxh5 Bc2 34. Rc1 Nxg3 35. Nxg3 Rxd4 36. Rxc2 Rad8 37. Nf5 Rd2 38. Rc4 Kf8 39. h4 b5 40. Rc7 R2d7 41. Rc6 a5 42. Rh6 Rd4 1-0

[Event "IRI-ch"]
[Site "Tabriz"]
[Date "2011.01.03"]
[Round "4"]
[White "Arabi, Saeid"]
[Black "Soozankar, Amir Mohammad"]
[Result "1/2-1/2"]
[WhiteElo "2142"]
[BlackElo "2281"]
[PlyCount "151"]
[EventDate "2011.01.01"]
[EventType "swiss"]
[EventRounds "11"]
[EventCountry "IRI"]
[SourceTitle "CBM 140 Extra"]
[Source "ChessBase"]
[SourceDate "2011.03.01"]
[SourceVersion "1"]
[SourceVersionDate "2011.03.01"]
[SourceQuality "1"]

1. d4 d6 2. Nf3 Nd7 3. c4 e5 4. Nc3 Ngf6 5. g3 Be7 6. Bg2 0-0 7. 0-0 c6 8. e4 Qc7 9. h3 a6 10. a4 Re8 11. Re1 Bf8 12. b3 b6 13. Bb2 Bb7 14. Rc1 Rad8 15. Qc2 g6 16. Red1 Bh6 17. Ba3 c5 18. dxe5 dxe5 19. Bb2 Nf8 20. Rxd8 Qxd8 21. Nd5 N6d7 22. Rd1 Bg7 23. Nh2 Ne6 24. Qd3 Nd4 25. Ng4 Nf8 26. Bc1 Nfe6 27. Rf1 h5 28. Nge3 Bh6 29. Kh1 Kg7 30. f4 exf4 31. gxf4 Qh4 32. Bd2 Bxd5 33. Nxd5 f5 34. e5 Rf8 35. Be1 Qd8 36. Bg3 a5 37. Bf3 g5 38. fxg5 Bxg5 39. Rg1 Kh6 40. Bh2 Rg8 41. Ne3 Qf8 42. Bd5 Rg6 43. h4 Bxh4 44. Rxg6+ Kxg6 45. Nxf5 Nxf5 46. Bxe6 Kg5 47. Qd2+ Kg6 48. Qg2+ Bg5 49. Qe4 h4 50. Bd7 Qf7 51. Qc6+ Kg7 52. Qg2 Qxd7 53. Qxg5+ Kh7 54. Qh5+ Kg7 55. Qg4+ Kf8 56. Qf3 Ke7 57. Bf4 Ng3+ 58. Kg2 Nf5 59. Bg5+ Ke6 60. Qe4 Kf7 61. Qd5+ Qe6 62. Qb7+ Kg6 63. Bf6 Ne3+ 64. Kf3 Qh3+ 65. Ke2 Nf5 66. Qe4 Qg3 67. Bd8 h3 68. e6 Qh2+ 69. Kf1 Kh6 70. Qxf5 Qg2+ 71. Ke1 h2 72. Qf6+ Kh7 73. Qf7+ Kh6 74. Qf6+ Kh7 75. Qf7+ Kh6 76. Qf6+ 1/2-1/2

[Event "IRI-ch"]
[Site "Tabriz"]
[Date "2011.01.02"]
[Round "2"]
[White "Arabi, Saeid"]
[Black "Toufighi, Homayoon"]
[Result "0-1"]
[WhiteElo "2142"]
[BlackElo "2450"]
[PlyCount "96"]
[EventDate "2011.01.01"]
[EventType "swiss"]
[EventRounds "11"]
[EventCountry "IRI"]
[SourceTitle "CBM 140 Extra"]
[Source "ChessBase"]
[SourceDate "2011.03.01"]
[SourceVersion "1"]
[SourceVersionDate "2011.03.01"]
[SourceQuality "1"]

1. d4 d6 2. c4 e5 3. d5 f5 4. Nc3 Nf6 5. g3 Be7 6. Bg2 0-0 7. Nf3 Qe8 8. 0-0 Qh5 9. e4 fxe4 10. Nd2 Bg4 11. Qc2 Bh3 12. Ndxe4 Nxe4 13. Nxe4 Bf5 14. Bd2 Nd7 15. b4 Kh8 16. f3 Qg6 17. a4 Nf6 18. Rae1 c6 19. Qb3 cxd5 20. cxd5 Rac8 21. b5 h5 22. Bb4 Rcd8 23. h3 h4 24. g4 Bxe4 25. fxe4 Nh7 26. Rf5 Rxf5 27. exf5 Qe8 28. Bd2 Rc8 29. Rc1 Bd8 30. Rxc8 Bb6+ 31. Be3 Qxc8 32. Bxb6 Qc1+ 33. Kf2 Qd2+ 34. Kg1 axb6 35. Qa3 Qe1+ 36. Kh2 Ng5 37. f6 Qf2 38. fxg7+ Kxg7 39. Kh1 Qc5 40. Qd3 Qc1+ 41. Kh2 Qf4+ 42. Kh1 Kh6 43. Qe2 e4 44. Qe1 Nf3 45. Bxf3 Qxf3+ 46. Kh2 Kg5 47. Qc1+ e3 48. Qc3 Qe2+ 0-1

[Event "IRI-ch"]
[Site "Tabriz"]
[Date "2011.01.01"]
[Round "1"]
[White "Roghani, Arash"]
[Black "Arabi, Saeid"]
[Result "1/2-1/2"]
[WhiteElo "2374"]
[BlackElo "2142"]
[PlyCount "33"]
[EventDate "2011.01.01"]
[EventType "swiss"]
[EventRounds "11"]
[EventCountry "IRI"]
[SourceTitle "CBM 140 Extra"]
[Source "ChessBase"]
[SourceDate "2011.03.01"]
[SourceVersion "1"]
[SourceVersionDate "2011.03.01"]
[SourceQuality "1"]

1. d4 g6 2. c4 Bg7 3. e4 d6 4. Nc3 Nd7 5. Nf3 e5 6. Be2 Ne7 7. 0-0 0-0 8. Re1 exd4 9. Nxd4 Nc6 10. Be3 Nc5 11. f3 Ne6 12. Ncb5 Be5 13. Nxe6 fxe6 14. Qd2 a6 15. f4 Bg7 16. Nc3 e5 17. Rf1 1/2-1/2

[Event "Fajr op 18th"]
[Site "Mashhad"]
[Date "2010.02.24"]
[Round "8"]
[White "Arabi, Saeid"]
[Black "Asgharzadeeh, Mohammad Reza"]
[Result "1-0"]
[WhiteElo "2110"]
[BlackElo "1984"]
[PlyCount "52"]
[EventDate "2010.02.20"]
[EventType "swiss"]
[EventRounds "11"]
[EventCountry "IRI"]
[SourceTitle "CBM 135 Extra"]
[Source "ChessBase"]
[SourceDate "2010.05.04"]
[SourceVersion "1"]
[SourceVersionDate "2010.05.04"]
[SourceQuality "1"]

1. d4 d5 2. c4 e6 3. Nf3 c6 4. Qc2 dxc4 5. Qxc4 b6 6. Nc3 Nf6 7. g3 Bb7 8. Bg2 c5 9. 0-0 Nbd7 10. Rd1 cxd4 11. Qxd4 Bc5 12. Qa4 0-0 13. Ne5 Bxg2 14. Nxd7 Nxd7 15. Kxg2 Qf6 16. Ne4 Qf5 17. Rxd7 b5 18. Qc2 Bxf2 19. Qd3 Bb6 20. Qf3 Qe5 21. Bd2 b4 22. Bxb4 Qb5 23. Bxf8 Qxd7 24. Nf6+ gxf6 25. Qxa8 Bd8 26. Be7 Qxe7 1-0

[Event "Fajr op 18th"]
[Site "Mashhad"]
[Date "2010.02.22"]
[Round "4"]
[White "Arabi, Saeid"]
[Black "Grabliauskas, Virginijus"]
[Result "0-1"]
[WhiteElo "2110"]
[BlackElo "2422"]
[PlyCount "55"]
[EventDate "2010.02.20"]
[EventType "swiss"]
[EventRounds "11"]
[EventCountry "IRI"]
[SourceTitle "CBM 135 Extra"]
[Source "ChessBase"]
[SourceDate "2010.05.04"]
[SourceVersion "1"]
[SourceVersionDate "2010.05.04"]
[SourceQuality "1"]

1. d4 Nf6 2. c4 e6 3. Nf3 b6 4. g3 Ba6 5. b3 b5 6. Nbd2 c5 7. Bg2 Nc6 8. d5 exd5 9. cxd5 Nxd5 10. Ne4 Nf6 11. Bg5 d5 12. Bxf6 gxf6 13. Qxd5 Bb7 14. 0-0 Be7 15. Qh5 Qb6 16. Rac1 Nd4 17. Nxd4 cxd4 18. Qf5 Rb8 19. Nd6+ Qxd6 20. Bxb7 Kf8 21. Be4 h5 22. h4 Kg7 23. Rc6 Qa3 24. Rfc1 Rb6 25. Rxb6 Qxc1+ 26. Kg2 axb6 27. b4 Qc7 28. Bd3 0-1